000 00718nam a2200205Ii 4500
003 JO-AjNU
008 230606s9999||||xx |||||||||||||| ||und||
020 _a1555872220
040 _aJO-AjNU
_beng
_erda
_cJO-AjNU
041 _aeng
050 1 4 _aDS63.1.A675 1990
100 3 _aIbrahim, Saad Eddin. Editor.Grant، philip,Editor,Ibrahim,saad Eddin,Editor ,
_eauthor
_92966
245 0 0 _a Arab nonviolent political struggle in the Middle East
264 3 1 _aBoulder :L. Rienner Publishers,1990.
300 _a128p
336 _atext
_btxt
_2rdacontent
337 _aunmediated
_bn
_2rdamedia
338 _avolume
_bnc
_2rdacarrier
650 4 _a Nonviolence. Arab countries -- Politics and govwenment --1945
_92967
999 _aE1554
_c1554
_d1554